000 nam a22 7a 4500
999 _c10358
_d10358
008 180215b ||||| |||| 00| 0 eng d
100 _aCBSE
_96315
245 _aAnatomy and Physiology Practice Manuel -XI
260 _aNew Delhi
_bCBSE
_c2009